Statistics for The World's Most Important Staple Crops

Click here to take the quiz!

General Stats

  • This quiz has been taken 11,047 times
    (11,013 since last reset)
  • The average score is 5 of 10

Answer Stats

% Staple Food % Correct
19.5%Maize
94%
16.5%Rice
94%
15.0%Wheat
94%
1.7%Potato
74%
2.1%Soybean
45%
0.3%Plantain
35%
0.6%Sweet Potato
31%
0.4%Yam
31%
2.6%Cassava
18%
1.2%Sorghum
18%

Score Distribution

Percentile by Number Answered

Percent of People with Each Score

Your Score History

You have not taken this quiz since the last reset